Does immgration reduce the support for welfare spending?: A cautionary tale on spatial panel data analysis (Record no. 512448)

000 -LEADER
fixed length control field 00578nam a22001697a 4500
008 - FIXED-LENGTH DATA ELEMENTS--GENERAL INFORMATION
fixed length control field 191122b ||||| |||| 00| 0 eng d
100 ## - MAIN ENTRY--PERSONAL NAME
Personal name Auspurg, Katrin
245 ## - TITLE STATEMENT
Title Does immgration reduce the support for welfare spending?: A cautionary tale on spatial panel data analysis
260 ## - PUBLICATION, DISTRIBUTION, ETC. (IMPRINT)
Name of publisher, distributor, etc American Sociological Review
300 ## - PHYSICAL DESCRIPTION
Extent 84(4), Aug, 2019: p.754-763.
650 ## - SUBJECT ADDED ENTRY--TOPICAL TERM
Topical term or geographic name as entry element Social welfare
9 (RLIN) 13730
700 ## - ADDED ENTRY--PERSONAL NAME
Personal name Bruderi, Josef
9 (RLIN) 13731
700 ## - ADDED ENTRY--PERSONAL NAME
Personal name Wohler, Thomas
9 (RLIN) 13732
773 ## - HOST ITEM ENTRY
Main entry heading American Sociological Review
906 ## - LOCAL DATA ELEMENT F, LDF (RLIN)
Subject DIP Immigration
942 ## - ADDED ENTRY ELEMENTS (KOHA)
Source of classification or shelving scheme
Item type Articles
Holdings
Withdrawn status Lost status Source of classification or shelving scheme Damaged status Not for loan Permanent location Current location Date acquired Serial Enumeration / chronology Barcode Date last seen Koha item type
          Indian Institute of Public Administration Indian Institute of Public Administration 2019-11-22 84(4), Aug, 2019: p.754-763. AR121820 2019-11-22 Articles

Powered by Koha